| 000 | 01329nam a2200349 a 4500 | ||
|---|---|---|---|
| 001 | vtls000189005 | ||
| 003 | NLI | ||
| 005 | 20210602111625.0 | ||
| 008 | 101125s1994 enka 001 0 eng | ||
| 020 |
_a0631189130 : _cPND 30.00 |
||
| 039 | 9 |
_y201011252243 _zVLOAD |
|
| 040 | 0 |
_aNLI _beng _cDatasoft 1 _eAACR2 |
|
| 041 | 0 | _aeng | |
| 044 | _aenk | ||
| 082 | 0 | 4 | _a332.1028 |
| 245 | 0 | 0 |
_aElectronic banking and security : _ba guide for corporate and financial managers / _cedited by Brian Welch |
| 260 |
_aOxford : _bBlackwell, _cc1994 |
||
| 300 |
_axvii, 194 p. : _bill. ; _c24 cm. |
||
| 500 | _a"The Association of Corporate Treasurers." | ||
| 500 | _aSpine title: Electronic banking & security | ||
| 504 | _aIncludes bibliographical references and index | ||
| 650 | 0 |
_aElectronic funds transfers _xSecurity measures _9288064 |
|
| 650 | 0 |
_aInternational business enterprises _xFinance _xManagement _9362880 |
|
| 700 | 1 |
_aWelch, Brian, _4edt _9362881 |
|
| 710 | 2 |
_aAssociation of Corporate Treasurers (Great Britain) _9362882 |
|
| 887 | _a | ||
| 901 |
_a524075 _b13.03.1995 |
||
| 902 | _aE 332.1028 El 25 | ||
| 942 |
_2ddc _cBKS |
||
| 949 |
_AVIRTUAITEM _D10000 _X100 _6PUR000524075ENG |
||
| 999 |
_aVIRTUA40 _c192583 _d192583 |
||
| 999 | _aVTLSSORT0080*0200*0400*0410*0440*0820*2450*2600*3000*5000*5001*5040*6500*6501*7000*7100*9010*9020*9490*9991 | ||